000 00321nam a2200121 a 4500
005 20140414132114.0
008 110824s19uu xx 00 eng d
050 _aFIC
_bGRI 2004
100 _aGriffin, Adele
245 _aWitch twins and melody malady.
260 _aU.S.A :
_bHyperion Paperback,
_c2004.
999 _c114849
_d114849